Geography Quiz

Random Geography or World Quiz

30 in 60: Asian Capitals Quiz Stats

 Plays Quiz Updated Jun 20, 2017

Challenge
Share
Tweet
Embed
Score 0/30 Timer 01:00
0 Plays Today
% Correct
China
78.4%
Japan
78.1%
Russia
77.8%
India
77.3%
Israel
77.2%
South Korea
76.3%
Philippines
73.6%
Iran
72.8%
North Korea
72.3%
Taiwan
72.2%
Vietnam
71.4%
Iraq
70.9%
Turkey
70.8%
Indonesia
70.5%
Malaysia
68.2%
% Correct
Nepal
67.2%
Afghanistan
67.1%
Pakistan
65.4%
Saudi Arabia
65.2%
Mongolia
61%
Georgia
55%
Yemen
48.8%
Azerbaijan
48.3%
Kazakhstan
43.1%
Armenia
43.1%
Bhutan
40.6%
Kyrgyzstan
35.2%
Uzbekistan
30.5%
Turkmenistan
25.9%
Tajikistan
25.5%

You're not logged in!

Compare scores with friends on all Sporcle quizzes.
OR
Log In

You Might Also Like...

Show Comments

Extras

Top Quizzes Today


Score Distribution

Your Account Isn't Verified!

In order to create a playlist on Sporcle, you need to verify the email address you used during registration. Go to your Sporcle Settings to finish the process.

Report this User

Report this user for behavior that violates our Community Guidelines.

Details: